| 000 | 00325nam a22001217a 4500 | ||
|---|---|---|---|
| 003 | OSt | ||
| 008 | 250108b |||||||| |||| 00| 0 eng d | ||
| 041 | _amalayalam | ||
| 100 |
_aGopimani _96831 |
||
| 245 | _aVeettuvalappile Poonthottam (Krishi Shastra Prasidheekaranam) | ||
| 260 | _bKerala Agricultural University | ||
| 942 | _cBK | ||
| 999 |
_c18984 _d18984 |
||